| 000 | 00482nam a2200169 4500 | ||
|---|---|---|---|
| 001 | 131792 | ||
| 003 | ES-MaACL | ||
| 005 | 20230906194040.0 | ||
| 007 | t| | ||
| 008 | 070214s1923 fr r ||||1| fre d | ||
| 100 | 1 |
_aRoger, Georges Henri. _998929 |
|
| 245 | 1 | 0 |
_aDiagnostic et traitement des sciatiques / _cGeorges Henri Roger, Gaston Aymes. |
| 260 |
_aParis : _b[s.n.], _c1923. |
||
| 300 |
_a164 p. ; _c19 cm. |
||
| 700 | 1 |
_aAymes, Gaston. _924183 |
|
| 852 |
_aES-MaACL _jB-11730 |
||
| 999 |
_c131792 _d131792 |
||